| 000 | 00323nam a22001217a 4500 | ||
|---|---|---|---|
| 020 | _a0072465212 | ||
| 082 |
_222 _a658.8421 |
||
| 100 | _aRajport, jeffrey F : and Jaworski, bernard J. | ||
| 245 | _aE- commerce / | ||
| 260 |
_bMc Graw-Hill higher Education, _cc2001. |
||
| 300 |
_axxxv,420 p, ; _bNA _c24 cm. |
||
| 942 |
_2ddc _cMAG |
||
| 999 |
_c3774 _d3774 |
||